000 00702nam a2200253Ia 4500
003 OSt
005 20221006144052.0
006 a|||||r|||| 00| 0
007 ta
008 221006b |||||||| |||| 00| 0 eng d
020 _c199.20
024 _a10,796
037 _cTextual
040 _aEASL
_cEASL
_beng
041 _2eng
_aeng
082 _aW940gT.N7, L7
100 _aSETON-WATSOn Hugh
245 0 _aNations and states
_b An enquiry into the origins of nations and the politics of nationalism
260 _aLondon
_bMethuen
_c1977
300 _a564p.
_ccm.
490 _v Oth
942 _hW940gT.N7, L7
_cTEXL
_2CC
999 _c1078882
_d1078882